Memòria 1990-1992. Patrimoni: Memòria o malson? = (Patrimonio: ¿Memoria o pesadilla?) / Antoni González Moreno-Navarro, Carlos Castilla del Pino, Antonio Fernández Alba Memòria o malson? = (Patrimonio:
Descripción Física:
246 p. : il., blanc i negre ; 24 x 30 cm
MARC
| LEADER | 00000nam a2200000Ia 4500 | ||
|---|---|---|---|
| 001 | 11119 | ||
| 008 | 160829s1995 xx 000 0 cat d | ||
| 080 | |a FOL-1-167 | ||
| 110 | |a Barcelona (Catalunya : Província). |b Servei de Patrimoni Arquitectònic Local |9 19202 | ||
| 245 | |a Memòria 1990-1992. Patrimoni: |b Memòria o malson? = (Patrimonio: |b ¿Memoria o pesadilla?) / Antoni González Moreno-Navarro, Carlos Castilla del Pino, Antonio Fernández Alba | ||
| 260 | |a Barcelona : |b Diputació, |c 1995 | ||
| 300 | |a 246 p. : |b il., blanc i negre ; |c 24 x 30 cm | ||
| 590 | |a Textos en català i castellà | ||
| 650 | |a Barcelona. Diputació. Servei del Patrimoni Arquitectònic Local |x Memòries |9 30594 | ||
| 700 | 1 | |a González, Antoni, |d 1943- |9 26020 | |
| 700 | |a Castilla del Pino, Carlos |9 34913 | ||
| 700 | |a Fernández Alba, Antonio |9 34914 | ||
| 901 | |a Arxiu | ||
| 942 | |n 1 | ||
| 952 | |0 0 |1 0 |4 0 |6 FOL1167 |7 1 |9 46692 |a Arxiu |b Arxiu |d 2016-12-01 |l 0 |o FOL-1-167 |p 11119 |r 2016-12-01 00:00:00 |w 2016-12-01 |y ARXIU | ||
| 999 | |c 50485 |d 50485 | ||